Video scrambling & descrambling for satellite & cable TV / (Record no. 183284)

000 -LEADER
fixed length control field 01367 a2200241 4500
003 - CONTROL NUMBER IDENTIFIER
control field Nust
005 - DATE AND TIME OF LATEST TRANSACTION
control field 20221223113932.0
010 ## - LIBRARY OF CONGRESS CONTROL NUMBER
LC control number 86062918
020 ## - INTERNATIONAL STANDARD BOOK NUMBER
International Standard Book Number 0672224992 (pbk.) :
040 ## - CATALOGING SOURCE
Transcribing agency Nust
082 00 - DEWEY DECIMAL CLASSIFICATION NUMBER
Classification number 621.388,GRA
100 1# - MAIN ENTRY--PERSONAL NAME
Personal name Graf, Rudolf F.
9 (RLIN) 63715
245 10 - TITLE STATEMENT
Title Video scrambling & descrambling for satellite & cable TV /
Statement of responsibility, etc. Rudolf F. Graf & William Sheets.
250 ## - EDITION STATEMENT
Edition statement 1st ed.
260 ## - PUBLICATION, DISTRIBUTION, ETC.
Place of publication, distribution, etc. Indianapolis, IN, USA :
Name of publisher, distributor, etc. H.W. Sams,
Date of publication, distribution, etc. c1987.
300 ## - PHYSICAL DESCRIPTION
Extent vii, 246 p. :
Other physical details ill. ;
Dimensions 28 cm.
505 ## - FORMATTED CONTENTS NOTE
Formatted contents note Introduction (Page-1), More Scrambling Systems and Future Possibilities (Page-9), Scrambling/Descrambling Techniques (Page-17), The SSAVI Systems (Page-33), Advanced Scrambling Methods (Page-41), Political Legal and Consumer Aspects (Page-49), Digitizing Audio and Video Signals (Page-55),Cable and Satellite Decoder Circuitry (Page-65), Commercial Satellite Encryption Sys (Page-91), Satellite TV and Interference (Page-97), Data Encryption Standard (Page-103), Manufactures Data Sheets (Page-119), U.S Patents and Scrambling Sys (Page-157), Technical Data (Page-209).
650 #0 - SUBJECT ADDED ENTRY--TOPICAL TERM
Topical term or geographic name entry element Cable television
General subdivision Scrambling systems.
9 (RLIN) 105748
650 #0 - SUBJECT ADDED ENTRY--TOPICAL TERM
Topical term or geographic name entry element Direct broadcast satellite television
General subdivision Scrambling systems.
9 (RLIN) 105749
700 1# - ADDED ENTRY--PERSONAL NAME
Personal name Sheets, William.
9 (RLIN) 103706
740 0# - ADDED ENTRY--UNCONTROLLED RELATED/ANALYTICAL TITLE
Uncontrolled related/analytical title Video scrambling and descrambling for satellite & cable TV.
942 ## - ADDED ENTRY ELEMENTS (KOHA)
Source of classification or shelving scheme
Koha item type Book
Holdings
Withdrawn status Lost status Source of classification or shelving scheme Damaged status Not for loan Permanent Location Current Location Shelving location Date acquired Full call number Barcode Date last seen Price effective from Koha item type Public note
          Military College of Signals (MCS) Military College of Signals (MCS) General Stacks 12/12/2016 621.388,GRA MCS27445 12/08/2016 12/12/2016 Book Almirah No.39, Shelf No.4
© 2023 Central Library, National University of Sciences and Technology. All Rights Reserved.